• 首页
  • 本馆介绍
  • 公告通知
  • 最新文献
  • 馆藏检索
  • 电子资源
  • 读者导购
  • 参考咨询
  • 我的图书馆
  • 登录
  • 详细信息显示
  • 放入我的书架
  • 预约/预借图书
  • 作者相关作品
  • 分类相关作品
  • 丛书相关作品
  • 出版社相关作品

书目信息

  • 表格格式
  • 工作单格式
  • 卡片格式
题名:
静电及其应用
    
 
作者: 文荆江 编著
分册:  
出版信息: 北京   科学出版社  1978
页数: 102页
开本: 19cm
丛书名:
单 册:
中图分类: O441.1
科图分类:
主题词: 静电--应用--基本知识
电子资源:
ISBN:
000 00601nam0 2200217 45
001 0178006088
005 20060820091938.95
010    @dCNY0.25
091    @aCN@b13031.859
100    @a19950726d1978 em y0chiy0121 ea
101 0  @achi
102    @aCN@b110000
105    @ay z 000yy
200 10 @a静电及其应用@Ajing dian ji qi ying yong@f文荆江编著@Fwen jing jiang bian zhu
210    @a北京@c科学出版社@d1978
215    @a102页@d19cm
606    @a静电@x应用@x基本知识
690    @aO441.1@v3
701  0 @a文荆江@Awen jing jiang@4编著
801  0 @aCN@bTSSF@c20060820
905    @a10447@dO441.1@e109
    
    静电及其应用/文荆江编著.-北京:科学出版社,1978
    102页;19cm
    
    
    ISBN :CNY0.25
    
●
相关链接 在E读中查询图书 在五车中查询图书 在当当中查询图书 在豆瓣中查询图书


正题名:静电及其应用     索取号:O441.1/109         预约/预借

序号 登录号 条形码 馆藏地/架位号 状态 备注
1 0004956   001460298   密集书库/ [索取号:O441.1/109] 在馆    
2 0434126   204341266   密集书库/ [索取号:O441.1/109] 在馆    
3 0460829   204608291   密集书库/ [索取号:O441.1/109] 在馆    
4 0460830   204608308   密集书库/ [索取号:O441.1/109] 在馆    
5 0460831   204608317   密集书库/ [索取号:O441.1/109] 在馆    
6 0468989   204689890   密集书库/ [索取号:O441.1/109] 在馆    
唐山师范学院图书馆 欢迎您!
大连网信软件有限公司© 版权所有